[Event "Kaupthing Open Differdange"]
[Site "Differdange"]
[Date "2007.07.08"]
[Round "3.38"]
[White "Berg, Runar"]
[Black "Risch, Michel"]
[Result "1/2-1/2"]
[WhiteElo "2129"]
[BlackElo "2030"]
[PlyCount "112"]
[EventType "swiss"]
[EventCountry "LUX"]

1. e4 c6 2. d4 d5 3. e5 Bf5 4. Nf3 e6 5. Be2 c5 6. c3 Qb6 7. O-O Nc6 8. b3 a5
9. Be3 Rc8 10. dxc5 Bxc5 11. Bxc5 Qxc5 12. Qd2 Nge7 13. a3 O-O 14. b4 axb4 15.
cxb4 Qb6 16. b5 Na5 17. Qb4 Ng6 18. Nbd2 Qc7 19. g4 Bc2 20. Rfc1 Qb6 21. Ne1
Be4 22. Nxe4 dxe4 23. Qxe4 Nb3 24. Rxc8 Rxc8 25. Rd1 Qc7 26. Nf3 Qe7 27. a4 Nc5
28. Qd4 b6 29. a5 bxa5 30. Rc1 Nf8 31. Qd6 Qxd6 32. exd6 Nfd7 33. Nd4 a4 34.
Bf3 Rb8 35. Bc6 e5 36. Bxd7 Nxd7 37. Nc6 Ra8 38. Ra1 a3 39. Ra2 f6 40. Nb4 Nb6
41. Na6 Nc4 42. d7 Rd8 43. Nc5 Kf7 44. Rc2 Nb6 45. Ra2 Nxd7 46. Nxd7 Rxd7 47.
Rxa3 Rb7 48. Rb3 Ke6 49. Kg2 Kd5 50. h4 Kc4 51. Rb1 Kc5 52. h5 Rxb5 53. Ra1 Kc6
54. h6 g6 55. Ra7 Rb7 56. Ra6+ Rb6 1/2-1/2

[Event "Kaupthing Open Differdange"]
[Site "Differdange"]
[Date "2007.07.08"]
[Round "3.39"]
[White "Haerri, Adrian"]
[Black "Wagner, Steven"]
[Result "0-1"]
[WhiteElo "2000"]
[BlackElo "2120"]
[PlyCount "40"]
[EventType "swiss"]
[EventCountry "LUX"]

1. d4 d5 2. c4 e5 3. dxe5 d4 4. a3 Nc6 5. Nf3 Bg4 6. Nbd2 Qd7 7. b4 O-O-O 8.
Bb2 Qe6 9. Qa4 Kb8 10. h3 Bxf3 11. Nxf3 Nxe5 12. Nxe5 Qxe5 13. Rd1 Nf6 14. Qb3
Qg5 15. Bc1 Qf5 16. Qf3 Qe6 17. Bg5 Be7 18. Rc1 Rhe8 19. g4 Ne4 20. Bd2 Nxd2
0-1

[Event "Kaupthing Open Differdange"]
[Site "Differdange"]
[Date "2007.07.08"]
[Round "3.40"]
[White "Boettger, Lukas"]
[Black "Beukema, Stefan"]
[Result "1-0"]
[WhiteElo "2109"]
[BlackElo "1994"]
[PlyCount "33"]
[EventType "swiss"]
[EventCountry "LUX"]

1. d4 f5 2. Nc3 Nf6 3. Bg5 e6 4. e4 fxe4 5. Nxe4 Be7 6. Bxf6 Bxf6 7. Nf3 O-O 8.
Bd3 Nc6 9. c3 d6 10. Qe2 a6 11. h4 e5 12. d5 Ne7 13. Neg5 h6 14. Ne6 Bxe6 15.
dxe6 Qc8 16. g4 e4 17. Qxe4 1-0

[Event "Kaupthing Open Differdange"]
[Site "Differdange"]
[Date "2007.07.08"]
[Round "3.41"]
[White "Boyarchenko, Alex"]
[Black "Steil Antoni, Fiona"]
[Result "0-1"]
[WhiteElo "1952"]
[BlackElo "2065"]
[PlyCount "56"]
[EventType "swiss"]
[EventCountry "LUX"]

1. e4 e5 2. Nf3 Nc6 3. d4 exd4 4. Bc4 Bc5 5. e5 d5 6. exd6 Qxd6 7. O-O Nge7 8.
Nbd2 Bb6 9. Ne4 Qg6 10. Bd3 Nb4 11. Re1 Bg4 12. Nc5 Nxd3 13. Nxd3 Kf8 14. h3
Bxf3 15. Qxf3 Nc6 16. b3 h6 17. a4 a5 18. Ba3+ Kg8 19. Rac1 Kh7 20. Re4 Rhe8
21. Rg4 Qe6 22. Qg3 g6 23. Re1 Qd7 24. Bc1 Rxe1+ 25. Nxe1 Ne7 26. Qf3 Qd5 27.
Re4 Nf5 28. Qe2 Ng3 0-1

[Event "Kaupthing Open Differdange"]
[Site "Differdange"]
[Date "2007.07.08"]
[Round "3.42"]
[White "Mauquoi, Rudi"]
[Black "Musholt, Joachim"]
[Result "1-0"]
[WhiteElo "2064"]
[BlackElo "1942"]
[PlyCount "53"]
[EventType "swiss"]
[EventCountry "LUX"]

1. c4 e5 2. Nc3 Nc6 3. Nf3 g6 4. e4 Bg7 5. g3 d6 6. Bg2 Bg4 7. h3 Be6 8. Nd5
Qd7 9. Ng5 Bxd5 10. cxd5 Nd4 11. d3 Ne7 12. Be3 c5 13. dxc6 Nexc6 14. Qa4 b5
15. Qd1 O-O 16. h4 a5 17. h5 f6 18. Nf3 Nxf3+ 19. Bxf3 f5 20. hxg6 a4 21. exf5
d5 22. Rxh7 Qd6 23. g4 Rac8 24. Qd2 Nd4 25. Bxd4 exd4 26. Kf1 b4 27. Kg2 1-0

[Event "Kaupthing Open Differdange"]
[Site "Differdange"]
[Date "2007.07.08"]
[Round "3.43"]
[White "Oud, Niek"]
[Black "Bishop, Peter"]
[Result "1/2-1/2"]
[WhiteElo "2058"]
[BlackElo "1853"]
[PlyCount "57"]
[EventType "swiss"]
[EventCountry "LUX"]

1. d4 d5 2. c4 e5 3. dxe5 d4 4. Nf3 Nc6 5. g3 Bg4 6. Bg2 Bb4+ 7. Nbd2 Nge7 8.
O-O Ng6 9. Nb3 Bxf3 10. Bxf3 Ngxe5 11. Bg2 O-O 12. a3 Be7 13. Qc2 Bf6 14. Rd1
Rb8 15. Nc5 Be7 16. Nd3 a5 17. b3 Nxd3 18. Qxd3 Bf6 19. Bb2 Ne5 20. Qc2 c5 21.
Be4 h5 22. e3 Nc6 23. Rd2 Qe7 24. Bxc6 bxc6 25. exd4 h4 26. dxc5 Bxb2 27. Qxb2
h3 28. Rd4 Rfe8 29. Kf1 1/2-1/2

[Event "Kaupthing Open Differdange"]
[Site "Differdange"]
[Date "2007.07.09"]
[Round "4.1"]
[White "Henrichs, Thomas"]
[Black "Schlosser, Philipp"]
[Result "1/2-1/2"]
[WhiteElo "2496"]
[BlackElo "2562"]
[PlyCount "80"]
[EventType "swiss"]
[EventCountry "LUX"]

1. d4 d5 2. c4 e6 3. Nf3 Nf6 4. g3 dxc4 5. Bg2 a6 6. Ne5 c5 7. Na3 cxd4 8.
Naxc4 Bc5 9. O-O O-O 10. Bd2 Nd5 11. Rc1 Nd7 12. Nd3 b6 13. Qb3 Rb8 14. Nce5
Bb7 15. Nxd7 Qxd7 16. Rc4 Nf6 17. Bxb7 Rxb7 18. Rfc1 Qd5 19. Bf4 Nd7 20. Ra4
Qxb3 21. axb3 a5 22. Rac4 Ra8 23. Be5 Nxe5 24. Nxe5 f6 25. Nd3 Raa7 26. f4 Kf7
27. Kf2 Ke7 28. Kf3 Kd6 29. Ke4 Rc7 30. R4c2 h5 31. Rc4 Ra8 32. b4 axb4 33.
Nxb4 Ra4 34. Nd3 Rxc4 35. Rxc4 f5+ 36. Kf3 b5 37. Rc1 Bb6 38. Ra1 Ra7 39. Rc1
Rc7 40. Ra1 Ra7 1/2-1/2

[Event "Kaupthing Open Differdange"]
[Site "Differdange"]
[Date "2007.07.09"]
[Round "4.2"]
[White "Malakhatko, Vadim"]
[Black "Wirig, Anthony"]
[Result "1/2-1/2"]
[WhiteElo "2590"]
[BlackElo "2487"]
[PlyCount "66"]
[EventType "swiss"]
[EventCountry "LUX"]

1. d4 d5 2. c4 c6 3. Nc3 Nf6 4. e3 a6 5. Nf3 b5 6. b3 Bg4 7. Bd2 e6 8. h3 Bh5
9. g4 Bg6 10. Ne5 Nfd7 11. Nxg6 hxg6 12. Qc2 Nb6 13. c5 N6d7 14. O-O-O Be7 15.
Bg2 a5 16. Ne2 Na6 17. a3 b4 18. a4 Bh4 19. Rhf1 Nc7 20. Kb1 Qe7 21. e4 dxe4
22. Bxe4 Nd5 23. Bf4 f5 24. gxf5 gxf5 25. Bxd5 exd5 26. Ng3 Bxg3 27. fxg3 Nf6
28. Bg5 O-O 29. Rxf5 Qe6 30. Bxf6 Rxf6 31. g4 Rxf5 32. Qxf5 Qe3 33. Qd3 Re8
1/2-1/2

[Event "Kaupthing Open Differdange"]
[Site "Differdange"]
[Date "2007.07.09"]
[Round "4.6"]
[White "Siebrecht, Sebastian"]
[Black "Erdos, Viktor"]
[Result "0-1"]
[WhiteElo "2431"]
[BlackElo "2523"]
[PlyCount "72"]
[EventType "swiss"]
[EventCountry "LUX"]

1. d4 Nf6 2. Nf3 d5 3. c4 e6 4. e3 a6 5. Bd3 dxc4 6. Bxc4 c5 7. O-O Nc6 8. Qe2
b5 9. Bb3 Bb7 10. a4 c4 11. Bd1 Qb6 12. b3 cxb3 13. axb5 Na5 14. Nbd2 axb5 15.
Nxb3 Nxb3 16. Rxa8+ Bxa8 17. Bxb3 Be7 18. Bd2 O-O 19. Ra1 Bd5 20. Bxd5 Nxd5 21.
Ne5 Qb7 22. e4 Nf6 23. f3 Nd7 24. Be3 Nxe5 25. dxe5 Re8 26. Kf2 b4 27. Ra6 Ra8
28. Rb6 Qc8 29. Qb5 h6 30. Rc6 Qd8 31. Qc4 Qd1 32. Rb6 Qa1 33. Bd2 Ra2 34. Ke2
Qb2 35. Qd3 Bg5 36. Rd6 Bxd2 0-1

[Event "Kaupthing Open Differdange"]
[Site "Differdange"]
[Date "2007.07.09"]
[Round "4.7"]
[White "Bojkov, Dejan"]
[Black "Rohit, Goginenni"]
[Result "1-0"]
[WhiteElo "2520"]
[BlackElo "2470"]
[PlyCount "81"]
[EventType "swiss"]
[EventCountry "LUX"]

1. e4 e5 2. Nf3 Nc6 3. Bc4 Bc5 4. O-O Nf6 5. d3 O-O 6. c3 a6 7. d4 Ba7 8. dxe5
Nxe4 9. Bd5 Nc5 10. Bg5 Qe8 11. Re1 Ne7 12. c4 h6 13. b4 Ne6 14. Be3 Bxe3 15.
Rxe3 Nf5 16. Re1 Qe7 17. a3 d6 18. Nc3 dxe5 19. Rxe5 Qf6 20. Ne4 Qg6 21. Bxe6
Bxe6 22. Nc5 Rad8 23. Qc2 Bc8 24. Nxb7 Bxb7 25. Qxf5 Bxf3 26. Qxf3 Qc2 27. h3
Rd3 28. Re3 Rxe3 29. Qxe3 Qxc4 30. Rc1 Qd5 31. Rxc7 Qd1+ 32. Kh2 Rd8 33. Qf4
Qd5 34. Ra7 Rd6 35. Rxf7 Qxf7 36. Qxd6 Qxf2 37. a4 Qf1 38. Qb8+ Kh7 39. b5 axb5
40. axb5 g5 41. b6 1-0

[Event "Kaupthing Open Differdange"]
[Site "Differdange"]
[Date "2007.07.09"]
[Round "4.8"]
[White "Lobzhanidze, Davit"]
[Black "Gharamian, Tigran"]
[Result "1/2-1/2"]
[WhiteElo "2470"]
[BlackElo "2517"]
[PlyCount "51"]
[EventType "swiss"]
[EventCountry "LUX"]

1. e4 c5 2. Nf3 d6 3. d4 cxd4 4. Nxd4 Nf6 5. Nc3 a6 6. Be2 e5 7. Nb3 Be7 8. O-O
O-O 9. a4 Be6 10. Bf3 Nbd7 11. Re1 h6 12. Nd2 Qa5 13. Rb1 Rfc8 14. Nf1 b5 15.
axb5 axb5 16. Ne3 Nb6 17. Ncd5 Nbxd5 18. exd5 Bd7 19. Bd2 b4 20. b3 e4 21. Nc4
Qxd5 22. Nb6 Qb7 23. Nxd7 Qxd7 24. Bxe4 Nxe4 25. Rxe4 Ra2 26. Rc4 1/2-1/2

[Event "Kaupthing Open Differdange"]
[Site "Differdange"]
[Date "2007.07.09"]
[Round "4.9"]
[White "Velicka, Petr"]
[Black "Steingrimsson, Hedinn"]
[Result "1/2-1/2"]
[WhiteElo "2507"]
[BlackElo "2470"]
[PlyCount "56"]
[EventType "swiss"]
[EventCountry "LUX"]

1. e4 c5 2. Nf3 d6 3. d4 cxd4 4. Nxd4 Nf6 5. Nc3 a6 6. Be2 e6 7. O-O Be7 8. f4
Qc7 9. Kh1 O-O 10. Qe1 Nc6 11. Nxc6 bxc6 12. Qg3 d5 13. Bd3 a5 14. b3 Ba6 15.
Bb2 g6 16. Bxa6 Rxa6 17. Qd3 Raa8 18. Rad1 Rad8 19. Qe2 Rfe8 20. a4 Qb7 21. Qf3
Qb4 22. exd5 cxd5 23. Nb5 Qe4 24. Bc3 Qxc2 25. Nd4 Qe4 26. Nc6 d4 27. Nxa5 Rd5
28. Qxe4 Nxe4 1/2-1/2

[Event "Kaupthing Open Differdange"]
[Site "Differdange"]
[Date "2007.07.09"]
[Round "4.10"]
[White "Vatter, Hans Joachim"]
[Black "Stefansson, Hannes"]
[Result "0-1"]
[WhiteElo "2319"]
[BlackElo "2568"]
[PlyCount "54"]
[EventType "swiss"]
[EventCountry "LUX"]

1. d4 Nf6 2. c4 e6 3. Nf3 b6 4. g3 Ba6 5. b3 d5 6. Bg2 Bb4+ 7. Bd2 Bd6 8. O-O
O-O 9. Ne5 Ne4 10. Qc2 Bb7 11. cxd5 exd5 12. Nc3 Nxd2 13. Qxd2 c6 14. e4 Bxe5
15. dxe5 d4 16. Rad1 c5 17. Nd5 Nc6 18. f4 Ne7 19. Nxe7+ Qxe7 20. Qe2 a5 21.
Qh5 a4 22. b4 Rfd8 23. f5 Qxe5 24. Rf4 c4 25. Rh4 h6 26. g4 Qf4 27. f6 c3 0-1

[Event "Kaupthing Open Differdange"]
[Site "Differdange"]
[Date "2007.07.09"]
[Round "4.11"]
[White "Sulava, Nenad"]
[Black "Zozulia, Anna"]
[Result "1-0"]
[WhiteElo "2544"]
[BlackElo "2328"]
[PlyCount "61"]
[EventType "swiss"]
[EventCountry "LUX"]

1. d4 d6 2. Nf3 g6 3. c4 Bg7 4. Nc3 Nd7 5. Bg5 h6 6. Bh4 g5 7. Bg3 f5 8. e3 e5
9. h3 Ne7 10. c5 f4 11. Bh2 exd4 12. Nxd4 Nxc5 13. Qh5+ Kf8 14. O-O-O Nc6 15.
Bc4 Ne5 16. Qe2 c6 17. exf4 Nxc4 18. Qxc4 b5 19. Qe2 Bxd4 20. Rxd4 Ne6 21. Re4
b4 22. Rxe6 Bxe6 23. Qxe6 Qe7 24. Qxe7+ Kxe7 25. Re1+ Kf8 26. Ne2 Re8 27. fxg5
d5 28. Bd6+ Kf7 29. Kd2 Rhg8 30. Rc1 Rc8 31. Bxb4 1-0

[Event "Kaupthing Open Differdange"]
[Site "Differdange"]
[Date "2007.07.09"]
[Round "4.13"]
[White "Kasparov, Sergey"]
[Black "Valuet, Bertrand"]
[Result "1/2-1/2"]
[WhiteElo "2500"]
[BlackElo "2303"]
[PlyCount "144"]
[EventType "swiss"]
[EventCountry "LUX"]

1. d4 Nf6 2. Nf3 g6 3. g3 Bg7 4. Bg2 O-O 5. O-O d5 6. c4 dxc4 7. Na3 Nc6 8.
Nxc4 Be6 9. b3 Bd5 10. Bb2 a5 11. Rc1 a4 12. bxa4 Qb8 13. Nfe5 Rd8 14. Bxd5
Nxd5 15. Qb3 e6 16. Nxc6 bxc6 17. Qxb8 Rdxb8 18. a5 c5 19. Rfd1 Nb4 20. Ba1
Nxa2 21. Rc2 Nb4 22. Rcd2 cxd4 23. Bxd4 Bxd4 24. Rxd4 Nc6 25. Rd7 Ra7 26. Rc1
Kf8 27. Rd3 Nxa5 28. Ne5 Rba8 29. Rc5 Ke8 30. g4 f6 31. Nd7 Ke7 32. g5 fxg5 33.
Ne5 c6 34. Rdc3 Rc7 35. Ra3 Nb7 36. Rxc6 Rxa3 37. Rxc7+ Kd6 38. Rxh7 Kxe5 39.
Rxb7 Ra2 40. e3 Kf6 41. Kg2 Rc2 42. Kg3 Ra2 43. h3 Rc2 44. Rb8 Kf7 45. Kf3 e5
46. Rb6 Ra2 47. Ke4 Rxf2 48. Kxe5 Rf3 49. e4 Rxh3 50. Rb7+ Kf8 51. Kf6 Rf3+ 52.
Kxg5 Rf7 53. Rb6 Re7 54. Rf6+ Kg7 55. Rxg6+ Kh7 56. Rh6+ Kg7 57. Rh4 Re5+ 58.
Kf4 Ra5 59. Rh1 Kf6 60. Rh6+ Ke7 61. Rb6 Rc5 62. Ke3 Ra5 63. Kd4 Rh5 64. Ra6
Rg5 65. Ra7+ Ke8 66. e5 Rg6 67. Kd5 Rh6 68. Ra8+ Ke7 69. Ra7+ Ke8 70. Rc7 Ra6
71. Rb7 Rh6 72. e6 Rh5+ 1/2-1/2

[Event "Kaupthing Open Differdange"]
[Site "Differdange"]
[Date "2007.07.09"]
[Round "4.16"]
[White "Goriachnik, Dmitry"]
[Black "Wehmeier, Stefan"]
[Result "1-0"]
[WhiteElo "2301"]
[BlackElo "2417"]
[PlyCount "75"]
[EventType "swiss"]
[EventCountry "LUX"]

1. d4 Nf6 2. c4 e6 3. Nc3 Bb4 4. Bf4 d5 5. Qa4+ Nc6 6. e3 Bd7 7. Qc2 Qe7 8. Nf3
dxc4 9. Bxc4 Na5 10. Be2 Nd5 11. Bg3 Bxc3+ 12. bxc3 Qa3 13. c4 Nb4 14. Qc1 Ba4
15. Qxa3 Nc2+ 16. Kd2 Nxa3 17. Kc3 b5 18. cxb5 Bxb5 19. Bxb5+ Nxb5+ 20. Kb4 Rb8
21. Kxa5 Nc3 22. a4 O-O 23. Rhc1 Nd5 24. Rab1 Rb6 25. Rxb6 axb6+ 26. Kb5 Ra8
27. Rc4 c6+ 28. Kxc6 Rc8+ 29. Kb5 Nc3+ 30. Rxc3 Rxc3 31. Kxb6 f6 32. a5 Rb3+
33. Ka7 g5 34. h3 h5 35. a6 h4 36. Bc7 Rb2 37. Bb6 Rxf2 38. Kb7 1-0

[Event "Kaupthing Open Differdange"]
[Site "Differdange"]
[Date "2007.07.09"]
[Round "4.17"]
[White "Schebler, Gerhard"]
[Black "Lagerman, Robert"]
[Result "1-0"]
[WhiteElo "2496"]
[BlackElo "2315"]
[PlyCount "73"]
[EventType "swiss"]
[EventCountry "LUX"]

1. Nf3 Nf6 2. g3 c5 3. Bg2 Nc6 4. c4 e5 5. Nc3 d6 6. O-O g6 7. a3 a5 8. e3 Bg7
9. d4 O-O 10. d5 Ne7 11. Ne1 Ne8 12. e4 f5 13. Nd3 fxe4 14. Nxe4 Nf5 15. Bg5
Qc7 16. a4 Nf6 17. Bd2 Nxe4 18. Bxe4 Nd4 19. Be3 Bh3 20. Re1 Nf5 21. Bd2 Qf7
22. f4 Nd4 23. Be3 exf4 24. Nxf4 Bf5 25. Bxd4 Bxd4+ 26. Kg2 Be5 27. Bxf5 Qxf5
28. Ne6 Qf2+ 29. Kh1 Bxg3 30. hxg3 Rf5 31. Rf1 Qxg3 32. Rxf5 Qh3+ 33. Kg1 Qg3+
34. Kf1 Qh3+ 35. Ke2 Qxf5 36. Qd3 Qe5+ 37. Kf3 1-0

[Event "Kaupthing Open Differdange"]
[Site "Differdange"]
[Date "2007.07.09"]
[Round "4.18"]
[White "Kasparova, Tatiana"]
[Black "Jansa, Vlastimil"]
[Result "0-1"]
[WhiteElo "2217"]
[BlackElo "2494"]
[PlyCount "54"]
[EventType "swiss"]
[EventCountry "LUX"]

1. e4 c5 2. Nf3 e6 3. d4 cxd4 4. Nxd4 Nf6 5. Bd3 Nc6 6. Nxc6 bxc6 7. O-O d5 8.
Nd2 Be7 9. b3 O-O 10. Bb2 a5 11. e5 Nd7 12. f4 g6 13. Qg4 Nc5 14. Be2 Na4 15.
Bd4 c5 16. Bf2 Nc3 17. Bd3 a4 18. Nf3 Qc7 19. Rfe1 Bb7 20. Qh3 Qc6 21. Bf1 d4
22. Bh4 Bxh4 23. Qxh4 Qc7 24. Bd3 Bd5 25. Bc4 Qd8 26. Qf2 f5 27. Bxd5 Nxd5 0-1

[Event "Kaupthing Open Differdange"]
[Site "Differdange"]
[Date "2007.07.09"]
[Round "4.19"]
[White "Gaponenko, Inna"]
[Black "Mertens, Marc"]
[Result "1-0"]
[WhiteElo "2458"]
[BlackElo "2207"]
[PlyCount "91"]
[EventType "swiss"]
[EventCountry "LUX"]

1. e4 c5 2. Nf3 e6 3. d4 cxd4 4. Nxd4 Nf6 5. Nc3 d6 6. Be2 Be7 7. O-O O-O 8. f4
a6 9. a4 Nc6 10. Kh1 Bd7 11. Be3 Rc8 12. Bf3 Na5 13. Nde2 Qc7 14. Qe1 Nc6 15.
Qf2 Nb4 16. Bb6 Qb8 17. Rac1 d5 18. e5 Ne4 19. Bxe4 dxe4 20. Ng3 Nd5 21. Ngxe4
Bb4 22. Nxd5 exd5 23. Nc5 Bf5 24. c3 Bxc5 25. Bxc5 Rfe8 26. Bd6 Qa8 27. Qg3 Rc4
28. Rcd1 h6 29. a5 Re6 30. Qe3 Qc8 31. Rxd5 Rg6 32. Rd2 Qc6 33. Kg1 h5 34. Be7
Kh7 35. Qf3 Qxf3 36. Rxf3 Ra4 37. Bb4 Ra1+ 38. Rf1 Rxf1+ 39. Kxf1 Be4 40. Bd6
Re6 41. c4 Kg6 42. Rd4 Kf5 43. g3 h4 44. Kf2 hxg3+ 45. hxg3 Rh6 46. g4+ 1-0

[Event "Kaupthing Open Differdange"]
[Site "Differdange"]
[Date "2007.07.09"]
[Round "4.20"]
[White "Struk, Jerzy"]
[Black "Nezar, Mustapha"]
[Result "0-1"]
[WhiteElo "2240"]
[BlackElo "2417"]
[PlyCount "52"]
[EventType "swiss"]
[EventCountry "LUX"]

1. e4 e5 2. Nf3 Nc6 3. Bb5 a6 4. Ba4 Nf6 5. O-O Be7 6. Re1 b5 7. Bb3 O-O 8. h3
d6 9. c3 Na5 10. Bc2 c5 11. d4 Nd7 12. dxc5 dxc5 13. Nbd2 Bb7 14. Nf1 Re8 15.
Qe2 Nc4 16. Ne3 Nd6 17. Nf5 Nxf5 18. exf5 Bf8 19. Ng5 Nf6 20. Ne4 Nd5 21. Rd1
Qb6 22. Be3 Rad8 23. b4 Qc6 24. Rxd5 Rxd5 25. bxc5 Bxc5 26. Nxc5 Rd1+ 0-1

[Event "Kaupthing Open Differdange"]
[Site "Differdange"]
[Date "2007.07.09"]
[Round "4.21"]
[White "Daubenfeld, Gilles"]
[Black "Ajrapetjan, Yuriy"]
[Result "0-1"]
[WhiteElo "2158"]
[BlackElo "2387"]
[PlyCount "70"]
[EventType "swiss"]
[EventCountry "LUX"]

1. e4 d6 2. d4 Nf6 3. Nc3 g6 4. Be3 c6 5. h3 Nbd7 6. f4 Bg7 7. Qf3 Qa5 8. Bd3
e5 9. dxe5 dxe5 10. f5 Nc5 11. g4 Na4 12. Nge2 Nxb2 13. O-O h6 14. fxg6 fxg6
15. Rab1 Nxd3 16. cxd3 O-O 17. Qg3 Nh7 18. Rxf8+ Nxf8 19. Qf2 b6 20. d4 Bd7 21.
Rf1 Be6 22. dxe5 Nd7 23. Nd4 Rf8 24. Qd2 Qxe5 25. Rxf8+ Nxf8 26. Nde2 Bc4 27.
Bf4 Qc5+ 28. Kg2 h5 29. gxh5 Qxh5 30. Ng3 Qa5 31. e5 Ne6 32. Nge4 Bd5 33. Kg3
Nxf4 34. Kxf4 Bh6+ 35. Ng5 Qb4+ 0-1

[Event "Kaupthing Open Differdange"]
[Site "Differdange"]
[Date "2007.07.09"]
[Round "4.22"]
[White "Korman, Maxim"]
[Black "Bakalarz, Mieczyslaw"]
[Result "1-0"]
[WhiteElo "2061"]
[BlackElo "2355"]
[PlyCount "73"]
[EventType "swiss"]
[EventCountry "LUX"]

1. e4 c5 2. Nc3 e6 3. g3 d5 4. exd5 exd5 5. Bg2 Nf6 6. d3 d4 7. Ne4 Nxe4 8.
dxe4 Nc6 9. Ne2 g6 10. O-O Bg7 11. a3 O-O 12. Bf4 h6 13. h4 Be6 14. Qd2 Kh7 15.
Rae1 Qd7 16. Kh2 Rad8 17. Rh1 c4 18. Ng1 c3 19. bxc3 dxc3 20. Qc1 Nd4 21. Nf3
Qa4 22. Nxd4 Rxd4 23. h5 g5 24. Be3 Rd7 25. Rd1 Rfd8 26. Rxd7 Rxd7 27. Bf1 Bg4
28. Bd3 Bf3 29. Re1 Bxh5 30. f4 gxf4 31. gxf4 Bf3 32. Qb1 Qxa3 33. Kg3 Bh5 34.
Rh1 Qb2 35. Qf1 Rxd3 36. Qxd3 Bg6 37. f5 1-0

[Event "Kaupthing Open Differdange"]
[Site "Differdange"]
[Date "2007.07.09"]
[Round "4.24"]
[White "Van Dooren, Dirk"]
[Black "Zelbel, Patrick"]
[Result "1-0"]
[WhiteElo "2331"]
[BlackElo "2193"]
[PlyCount "57"]
[EventType "swiss"]
[EventCountry "LUX"]

1. f4 d5 2. Nf3 Nf6 3. g3 g6 4. Bg2 Bg7 5. d3 c5 6. c3 O-O 7. O-O Nc6 8. Na3 a6
9. Qc2 d4 10. e4 e5 11. Nc4 Nd7 12. cxd4 cxd4 13. b3 Bf6 14. Bd2 b5 15. Nd6 Qc7
16. Rac1 Qxd6 17. Qxc6 Qb8 18. Bb4 Rd8 19. Bd6 Qa7 20. fxe5 Bb7 21. Qc2 Bg7 22.
Bh3 Bh6 23. e6 Rac8 24. e7 Re8 25. Bxd7 Rxc2 26. Rxc2 Bxe4 27. Bxe8 Be3+ 28.
Kg2 Bxd3 29. Bxf7+ 1-0

[Event "Kaupthing Open Differdange"]
[Site "Differdange"]
[Date "2007.07.09"]
[Round "4.25"]
[White "Brittner, Serge"]
[Black "Bellin, Jana"]
[Result "1/2-1/2"]
[WhiteElo "2294"]
[BlackElo "2151"]
[PlyCount "90"]
[EventType "swiss"]
[EventCountry "LUX"]

1. d4 Nf6 2. c4 c5 3. d5 e5 4. Nc3 d6 5. e4 Be7 6. Bd3 O-O 7. Nf3 Nbd7 8. h3 a6
9. g4 b5 10. cxb5 axb5 11. Bxb5 Qa5 12. Nd2 Nb6 13. Qe2 Bd7 14. Bxd7 Nfxd7 15.
O-O Rfb8 16. Rb1 h6 17. Qd3 Na4 18. Nxa4 Qxa4 19. a3 Nb6 20. b3 Qd7 21. Bb2 Bg5
22. a4 h5 23. f3 Qd8 24. Bc3 Bf4 25. Qe2 Qh4 26. Qg2 Nc8 27. Nc4 Ra6 28. Be1
Qf6 29. Bd2 Nb6 30. Na3 Bxd2 31. Qxd2 Qh4 32. Kg2 Nc8 33. Nc4 Ne7 34. Qf2 Qf6
35. gxh5 Qg5+ 36. Kh2 Qxh5 37. f4 exf4 38. Qxf4 f6 39. Qg4 Qxg4 40. hxg4 Ng6
41. g5 Ne5 42. Nxe5 fxe5 43. Kg3 Kh7 44. Kg4 Kg6 45. Rf3 Rxa4 1/2-1/2

[Event "Kaupthing Open Differdange"]
[Site "Differdange"]
[Date "2007.07.09"]
[Round "4.26"]
[White "Sorm, Daniel"]
[Black "Weller, Manuel"]
[Result "1/2-1/2"]
[WhiteElo "2250"]
[BlackElo "1958"]
[PlyCount "144"]
[EventType "swiss"]
[EventCountry "LUX"]

1. d4 Nf6 2. Nf3 e6 3. Bg5 c5 4. e3 Nc6 5. c3 Be7 6. Nbd2 cxd4 7. exd4 h6 8.
Bf4 d6 9. Bd3 e5 10. Bg3 exd4 11. cxd4 Bg4 12. h3 Bh5 13. O-O O-O 14. Be2 Bg6
15. Rc1 Rc8 16. a3 a5 17. Qb3 Rb8 18. d5 Na7 19. Bf4 Nd7 20. Be3 b6 21. Nd4 Nc5
22. Qa2 a4 23. b4 axb3 24. N2xb3 Be4 25. Nd2 Bg6 26. f4 Bd3 27. Bxd3 Nxd3 28.
Rc3 Nc5 29. Rb1 Bf6 30. N2f3 Qd7 31. Rcc1 Rfe8 32. Qd2 Re4 33. Rb4 Qe8 34. Bf2
g6 35. Re1 Qd7 36. Rxe4 Nxe4 37. Qc2 Nc5 38. Qb1 Qb7 39. a4 Qxd5 40. Rxb6 Rc8
41. Rb8 Nxa4 42. Rxc8+ Nxc8 43. Qb8 Qc4 44. Kh2 Kg7 45. Kg3 Nc3 46. Be3 Ne4+
47. Kh2 Ne7 48. Qb7 Nc5 49. Qa7 Qd3 50. Bg1 Qe4 51. g3 Nb3 52. Nxb3 Qxf3 53.
Qe3 Qd1 54. Nd4 Qxd4 55. Qxd4 Bxd4 56. Bxd4+ f6 57. Kg2 Kf7 58. g4 f5 59. Kf3
Ke6 60. Bg7 h5 61. Kg3 hxg4 62. hxg4 Kd5 63. Kh4 fxg4 64. Kxg4 Ke6 65. Bb2 Nf5
66. Kg5 d5 67. Be5 Ne7 68. Kg4 Nc6 69. Bb2 d4 70. Kg5 d3 71. Bc3 Ne7 72. Bd2
Kf7 1/2-1/2

[Event "Kaupthing Open Differdange"]
[Site "Differdange"]
[Date "2007.07.09"]
[Round "4.27"]
[White "Bednarich, Jan"]
[Black "Zienkiewicz, Alexandre"]
[Result "0-1"]
[WhiteElo "2279"]
[BlackElo "2037"]
[PlyCount "104"]
[EventType "swiss"]
[EventCountry "LUX"]

1. e4 g6 2. d4 Bg7 3. c3 d6 4. Bd3 c5 5. Nf3 Nf6 6. O-O O-O 7. h3 Nbd7 8. Re1
a6 9. Bg5 e5 10. Qc1 b5 11. a4 c4 12. Bf1 Bb7 13. Nbd2 Qc7 14. b4 d5 15. exd5
Nxd5 16. Ne4 exd4 17. Nxd4 Qb6 18. a5 Qc7 19. Bh6 Rfe8 20. Bxg7 Kxg7 21. Qg5
Re5 22. Qg3 Rae8 23. Qh4 f5 24. Ng5 Nf8 25. Rxe5 Qxe5 26. Rc1 h6 27. Ngf3 Qd6
28. Nd2 Qf6 29. Qg3 Nxb4 30. Nxf5+ Qxf5 31. cxb4 Qe5 32. Qh4 Qb2 33. Rd1 Qxb4
34. Qd4+ Kh7 35. Qb6 Qe7 36. Nb1 h5 37. Nc3 Kh6 38. Rd6 Qf7 39. Qd4 Qg7 40.
Qd2+ Kh7 41. Nd1 Re7 42. Ne3 Rd7 43. Qb4 Rxd6 44. Qxd6 Qf7 45. Qc5 Ne6 46. Qe5
Ng7 47. Qd4 Qc7 48. Qf6 Qxa5 49. g4 Qc7 50. f4 Qc6 51. Qf8 Qh1+ 52. Kf2 Qf3+
0-1

[Event "Kaupthing Open Differdange"]
[Site "Differdange"]
[Date "2007.07.09"]
[Round "4.28"]
[White "Mamedjarova, Zeinab"]
[Black "Boettger, Lukas"]
[Result "1-0"]
[WhiteElo "2384"]
[BlackElo "2109"]
[PlyCount "37"]
[EventType "swiss"]
[EventCountry "LUX"]

1. d4 Nf6 2. c4 g6 3. Nc3 d5 4. g3 Bg7 5. Bg2 dxc4 6. Qa4+ c6 7. Qxc4 O-O 8.
Nf3 Na6 9. O-O c5 10. Rd1 Nd7 11. dxc5 Qa5 12. Nd5 Re8 13. b4 Qa4 14. Bd2 Bxa1
15. Rxa1 Nf8 16. Bc3 Be6 17. Qd4 f6 18. Nxf6+ exf6 19. Qxf6 1-0

[Event "Kaupthing Open Differdange"]
[Site "Differdange"]
[Date "2007.07.09"]
[Round "4.29"]
[White "Gretarsson, Hjorvar Stein"]
[Black "Wagener, Anna"]
[Result "1-0"]
[WhiteElo "2168"]
[BlackElo "2292"]
[PlyCount "128"]
[EventType "swiss"]
[EventCountry "LUX"]

1. c4 f5 2. g3 Nf6 3. Bg2 g6 4. d4 d6 5. Nc3 Bg7 6. Nf3 O-O 7. O-O Nc6 8. b3 e5
9. dxe5 dxe5 10. Ba3 Re8 11. Qxd8 Rxd8 12. e4 Nd4 13. Rad1 fxe4 14. Nxd4 exd4
15. Nb5 Ne8 16. Be7 Bg4 17. Bxd8 Bxd1 18. Rxd1 Rxd8 19. Bxe4 c6 20. Na3 Nf6 21.
Bd3 Ng4 22. h3 Ne5 23. Nc2 Nd7 24. Kg2 Nc5 25. Ne1 Re8 26. Nf3 a5 27. Bb1 Bf6
28. h4 Rd8 29. Ne1 Kg7 30. Nd3 Nxd3 31. Bxd3 Re8 32. Kh3 Ra8 33. a4 Re8 34. Kg4
Bd8 35. Rb1 Rf8 36. Rb2 h5+ 37. Kh3 Rf3 38. Rd2 Be7 39. Be4 Rxb3 40. Rxd4 Rb4
41. Rd7 Kf6 42. Bxg6 Kxg6 43. Rxe7 Rxc4 44. Rxb7 Rxa4 45. Rb2 c5 46. Rb6+ Kg7
47. Rb5 Ra2 48. Rxc5 Kg6 49. Rc6+ Kg7 50. Kg2 a4 51. Ra6 a3 52. Kf3 Ra1 53. Kf4
Rf1 54. f3 Ra1 55. Kg5 Rg1 56. Ra7+ Kf8 57. g4 hxg4 58. fxg4 Rg3 59. Kh5 Rb3
60. g5 Rh3 61. g6 Kg8 62. Kg5 Kh8 63. h5 Kg8 64. Ra8+ Kg7 1-0